[Event "HUN-chT2 Asztalos 1819"]
[Site "Hungary"]
[Date "2019.03.31"]
[Round "8.4"]
[White "Szabo, Levente"]
[Black "Birkas, Gyorgy"]
[Result "1/2-1/2"]
[WhiteElo "1977"]
[BlackElo "2019"]
[PlyCount "97"]
[EventDate "2018.10.28"]
[EventType "team-tourn"]
[EventRounds "9"]
[EventCountry "HUN"]
[SourceTitle "EXT 2021"]
[Source "ChessBase"]
[SourceDate "2020.10.23"]
[SourceVersion "1"]
[SourceVersionDate "2020.10.23"]
[SourceQuality "1"]
[WhiteTeam "Sarosd"]
[BlackTeam "Kaposvar Bastya"]
[WhiteTeamCountry "HUN"]
[BlackTeamCountry "HUN"]

1. d4 Nf6 2. Nf3 d6 3. c4 g6 4. Nc3 Bg7 5. e4 0-0 6. Be2 c5 7. d5 Na6 8. 0-0 Nc7 9. Qc2 a6 10. a4 Bd7 11. a5 Rb8 12. Na4 Bxa4 13. Rxa4 Qd7 14. Ra3 e6 15. dxe6 Qxe6 16. Ng5 Qe7 17. f3 h6 18. Nh3 Ne6 19. Be3 Nd7 20. Nf4 Nc7 21. Rd1 b5 22. Rad3 Be5 23. Nd5 Nxd5 24. Rxd5 Nf6 25. R5d2 bxc4 26. Qxc4 g5 27. Qxa6 Ra8 28. Qb5 Rfb8 29. Qa4 Rxb2 30. Rxb2 Bxb2 31. Qc6 Rxa5 32. Rxd6 Qe5 33. Rd8+ Kg7 34. Qc8 Ra1+ 35. Bf1 Bd4 36. Bxd4 cxd4 37. Rh8 Qe7 38. Rd8 Qa7 39. Qc4 Ra4 40. Qd3 Qc7 41. Qb5 Qxd8 42. Qxa4 d3 43. Qa1 Qb6+ 44. Kh1 Qe3 45. Qc3 g4 46. Qxd3 Qf4 47. Be2 h5 48. Qc3 h4 49. fxg4 1/2-1/2

[Event "HUN-chT2 Asztalos 1819"]
[Site "Hungary"]
[Date "2019.02.10"]
[Round "5.2"]
[White "Mathe, Gaspar"]
[Black "Szabo, Levente"]
[Result "1/2-1/2"]
[WhiteElo "2293"]
[BlackElo "1977"]
[PlyCount "197"]
[EventDate "2018.10.28"]
[EventType "team-tourn"]
[EventRounds "9"]
[EventCountry "HUN"]
[SourceTitle "CBM 189 Extra"]
[Source "ChessBase"]
[SourceDate "2019.06.03"]
[SourceVersion "1"]
[SourceVersionDate "2019.06.03"]
[SourceQuality "1"]
[WhiteTeam "Nagyatad"]
[BlackTeam "Sarosd"]
[WhiteTeamCountry "HUN"]
[BlackTeamCountry "HUN"]

1. e4 c6 2. Nc3 d5 3. Nf3 dxe4 4. Nxe4 Nf6 5. Nxf6+ exf6 6. d4 Bd6 7. Bd3 0-0 8. 0-0 Bg4 9. h3 Bh5 10. Re1 Qb6 11. c3 a5 12. a4 Na6 13. g4 Bg6 14. Bxg6 fxg6 15. Qc2 Rae8 16. Rxe8 Rxe8 17. Bd2 c5 18. Re1 Qc6 19. Rxe8+ Qxe8 20. Qb3+ Qf7 21. d5 Qc7 22. c4 Nb4 23. Qe3 Qe7 24. Qxe7 Bxe7 25. Kf1 g5 26. Ke2 Kf7 27. Ne1 Bd6 28. Bxb4 axb4 29. Nd3 g6 30. b3 f5 31. f3 b6 32. Kf2 Kf6 33. Ke3 h6 34. Kf2 Be7 35. Ke2 Bd6 36. Ke3 Bh2 37. Ne1 Bf4+ 38. Ke2 Bd6 39. Ng2 Bc7 40. Ke3 Bd6 41. Ne1 Bf4+ 42. Kf2 Bc7 43. Nd3 Bd6 44. Kg2 Kf7 45. gxf5 gxf5 46. h4 Kf6 47. hxg5+ hxg5 48. f4 g4 49. Kg3 Bf8 50. Ne5 Ke7 51. Kh4 Bg7 52. Nc6+ Kd7 53. a5 bxa5 54. Nxa5 Bd4 55. Kg3 Kd6 56. Nc6 Bf6 57. Kg2 Kd7 58. Na5 Bd4 59. Nc6 Bf6 60. Kh2 Kd6 61. Kg3 Kd7 62. Ne5+ Bxe5 63. fxe5 Kd8 64. Kf4 Ke8 65. e6 Ke7 66. Ke5 g3 67. d6+ Ke8 68. Kf6 g2 69. d7+ Kd8 70. e7+ Kxd7 71. Kf7 g1Q 72. e8Q+ Kc7 73. Qe5+ Kc6 74. Qxf5 Qd4 75. Qe6+ Kc7 76. Qe7+ Kc6 77. Qf6+ Kc7 78. Qf5 Kc6 79. Ke6 Qd6+ 80. Kf7 Qd4 81. Kg6 Qg1+ 82. Kf6 Qd4+ 83. Qe5 Qc3 84. Ke6 Qh3+ 85. Ke7 Qd7+ 86. Kf8 Qd6+ 87. Qe7 Qh6+ 88. Ke8 Qh8+ 89. Qf8 Qxf8+ 90. Kxf8 Kd6 91. Ke8 Ke5 92. Kd7 Kd4 93. Kc6 Kc3 94. Kxc5 Kxb3 95. Kd5 Ka3 96. c5 b3 97. c6 b2 98. c7 b1Q 99. c8Q 1/2-1/2

[Event "HUN-chT2 Asztalos 1819"]
[Site "Hungary"]
[Date "2018.10.28"]
[Round "3.4"]
[White "Javor, Sandor"]
[Black "Szabo, Levente"]
[Result "1/2-1/2"]
[WhiteElo "2096"]
[BlackElo "1977"]
[PlyCount "52"]
[EventDate "2018.10.28"]
[EventType "team-tourn"]
[EventRounds "9"]
[EventCountry "HUN"]
[SourceTitle "CBM 189 Extra"]
[Source "ChessBase"]
[SourceDate "2019.06.03"]
[SourceVersion "1"]
[SourceVersionDate "2019.06.03"]
[SourceQuality "1"]
[WhiteTeam "Baja Spartacus"]
[BlackTeam "Sarosd"]
[WhiteTeamCountry "HUN"]
[BlackTeamCountry "HUN"]

1. f4 g6 2. Nf3 Bg7 3. e4 d5 4. e5 e6 5. d4 c5 6. c3 cxd4 7. cxd4 Ne7 8. Be3 Nbc6 9. Nc3 Bd7 10. Qd2 Nf5 11. Bf2 h5 12. Bd3 Nce7 13. 0-0 Qb6 14. b4 Rc8 15. a3 0-0 16. Rfc1 Rc7 17. Ne2 Rfc8 18. Rc5 a6 19. Rac1 Bf8 20. Qa2 Bb5 21. Rxc7 Rxc7 22. Rxc7 Qxc7 23. Bxb5 axb5 24. Nd2 Qc6 25. Qb2 Nc8 26. Qc3 Nb6 1/2-1/2

[Event "HUN-chT2 Asztalos 1819"]
[Site "Hungary"]
[Date "2018.10.28"]
[Round "3.4"]
[White "Toth, David"]
[Black "Szabo, Levente"]
[Result "1/2-1/2"]
[WhiteElo "1998"]
[BlackElo "1977"]
[PlyCount "24"]
[EventDate "2018.10.28"]
[EventType "team-tourn"]
[EventRounds "9"]
[EventCountry "HUN"]
[SourceTitle "CBM 189 Extra"]
[Source "ChessBase"]
[SourceDate "2019.06.03"]
[SourceVersion "1"]
[SourceVersionDate "2019.06.03"]
[SourceQuality "1"]
[WhiteTeam "Karmin"]
[BlackTeam "Sarosd"]
[WhiteTeamCountry "HUN"]
[BlackTeamCountry "HUN"]

1. d4 d5 2. c4 dxc4 3. Nf3 Nf6 4. e3 Bf5 5. Bxc4 e6 6. 0-0 Be7 7. Nc3 0-0 8. Qe2 c6 9. e4 Bg6 10. a4 Bb4 11. e5 Nd5 12. Bg5 Be7 1/2-1/2

[Event "HUN-chT2 Asztalos 1617"]
[Site "Hungary"]
[Date "2016.10.30"]
[Round "3.2"]
[White "Halasz, Attila"]
[Black "Szabo, Levente"]
[Result "1/2-1/2"]
[WhiteElo "2156"]
[BlackElo "1971"]
[PlyCount "22"]
[EventDate "2016.09.25"]
[EventType "team-tourn"]
[EventRounds "11"]
[EventCountry "HUN"]
[SourceTitle "EXT 2021"]
[Source "ChessBase"]
[SourceDate "2020.10.23"]
[SourceVersion "1"]
[SourceVersionDate "2020.10.23"]
[SourceQuality "1"]
[WhiteTeam "Szentlorinc"]
[BlackTeam "Sarosd"]
[WhiteTeamCountry "HUN"]
[BlackTeamCountry "HUN"]

1. d4 d5 2. Nf3 Nf6 3. g3 g6 4. Bg2 Bg7 5. 0-0 0-0 6. c4 c6 7. Nc3 Bf5 8. Qb3 Qb6 9. Qxb6 axb6 10. cxd5 Nxd5 11. Bd2 Be6 1/2-1/2

[Event "HUN-chT2 Asztalos 1516"]
[Site "Hungary"]
[Date "2016.04.17"]
[Round "11.2"]
[White "Szabo, Levente"]
[Black "Kele, Karoly"]
[Result "0-1"]
[WhiteElo "2021"]
[BlackElo "2086"]
[PlyCount "76"]
[EventDate "2015.09.13"]
[EventType "team-tourn"]
[EventRounds "11"]
[EventCountry "HUN"]
[SourceTitle "EXT 2017"]
[Source "ChessBase"]
[SourceDate "2016.10.25"]
[SourceVersion "1"]
[SourceVersionDate "2016.10.25"]
[SourceQuality "1"]
[WhiteTeam "Sarosd"]
[BlackTeam "Pecs Karmin"]
[WhiteTeamCountry "HUN"]
[BlackTeamCountry "HUN"]

1. d4 Nf6 2. Nf3 d5 3. c4 e6 4. Nc3 c6 5. cxd5 exd5 6. Bg5 Be7 7. e3 Nbd7 8. Be2 0-0 9. 0-0 Re8 10. Rc1 h6 11. Bh4 Ne4 12. Bxe7 Qxe7 13. Nxe4 dxe4 14. Nd2 Nf6 15. Nb3 Nd5 16. Bc4 Qg5 17. Bxd5 cxd5 18. Kh1 h5 19. Rc7 Bg4 20. f4 exf3 21. gxf3 Bh3 22. Rg1 Qf5 23. Nd2 Rab8 24. Qe1 Rbc8 25. Rc3 Rxc3 26. bxc3 g6 27. e4 Qf4 28. Qg3 Qxd2 29. Qxh3 dxe4 30. Qh4 Kg7 31. fxe4 Re6 32. Qg3 Rxe4 33. Qf3 Rf4 34. Qd5 Qe3 35. Rb1 b6 36. a4 Rf5 37. Qb3 Qf3+ 38. Kg1 Rg5# 0-1

[Event "HUN-chT2 Asztalos 1516"]
[Site "Hungary"]
[Date "2015.11.29"]
[Round "5.3"]
[White "Arbutina, Sinisa"]
[Black "Szabo, Levente"]
[Result "1-0"]
[WhiteElo "2314"]
[BlackElo "2021"]
[PlyCount "45"]
[EventDate "2015.09.13"]
[EventType "team-tourn"]
[EventRounds "11"]
[EventCountry "HUN"]
[SourceTitle "CBM 170 Extra"]
[Source "ChessBase"]
[SourceDate "2016.02.25"]
[SourceVersion "1"]
[SourceVersionDate "2016.02.25"]
[SourceQuality "1"]
[WhiteTeam "Baja Spartacus"]
[BlackTeam "Sarosd"]
[WhiteTeamCountry "HUN"]
[BlackTeamCountry "HUN"]

1. d4 d5 2. c4 e6 3. Nc3 Nf6 4. Nf3 Be7 5. Bf4 c6 6. e3 Nbd7 7. c5 b6 8. b4 a5 9. a3 Nh5 10. Bd3 Nxf4 11. exf4 Bf6 12. Ne5 Bb7 13. 0-0 0-0 14. Qc2 g6 15. Na4 Bxe5 16. fxe5 b5 17. Nc3 f5 18. Qd2 Qh4 19. Ne2 f4 20. g3 Qh3 21. Nxf4 Rxf4 22. Qxf4 Rf8 23. Qg5 1-0

[Event "HUN-chT2 Breyer 1314"]
[Site "Hungary"]
[Date "2013.10.20"]
[Round "3.10"]
[White "Szabo, Levente"]
[Black "Korodi, Mihaly"]
[Result "0-1"]
[WhiteElo "2043"]
[BlackElo "1838"]
[PlyCount "95"]
[EventDate "2013.09.08"]
[EventType "team-tourn"]
[EventRounds "9"]
[EventCountry "HUN"]
[SourceTitle "EXT 2016"]
[Source "ChessBase"]
[SourceDate "2015.10.08"]
[SourceVersion "1"]
[SourceVersionDate "2015.10.08"]
[SourceQuality "1"]
[WhiteTeam "Kisber Aszar"]
[BlackTeam "Tatabanya Turul"]
[WhiteTeamCountry "HUN"]
[BlackTeamCountry "HUN"]

1. d4 Nf6 2. Nf3 d5 3. c4 c6 4. Nc3 e6 5. cxd5 exd5 6. e3 Bd6 7. Bd3 0-0 8. 0-0 Bg4 9. h3 Bh5 10. a3 Nbd7 11. Bd2 Re8 12. Rc1 Rc8 13. Na4 Ne4 14. Be2 Nxd2 15. Qxd2 Nf6 16. Nc5 Ne4 17. Qc2 Nxc5 18. dxc5 Bb8 19. Nd4 Bg6 20. Bd3 Qc7 21. g3 Be4 22. Rcd1 Qd7 23. Kh2 Re7 24. Ne2 Rce8 25. Nc3 f5 26. Rde1 Qe6 27. b4 a6 28. a4 Be5 29. Ne2 Qf6 30. b5 axb5 31. axb5 cxb5 32. Rb1 Qc6 33. Qb3 Qxc5 34. Rfc1 Qd6 35. Bxe4 fxe4 36. Qxb5 Rf8 37. Nf4 Bxf4 38. exf4 g5 39. Rg1 Rg7 40. Qb2 Rff7 41. Qa2 gxf4 42. Qa8+ Qf8 43. Qxf8+ Kxf8 44. gxf4 Rxf4 45. Rxg7 Kxg7 46. Rxb7+ Kf6 47. Kg2 Kg6 48. Rb5 0-1